000 00619nam a2200217Ia 4500
005 20241129104134.0
008 241129s9999||||xx |||||||||||||| ||und||
020 _a9781782548560
037 _aTextual
040 _aRTL
_beng
_cRTL
041 _aeng
_2eng
084 _aU287 Q3
_qRTL
100 _aFouquet Roger
_9724945
245 0 _aHandbook on energy and climate change
_cFouquet Roger
260 _aUK
_bEdward elgar Publishing Ltd
_c2013
300 _ax,738p.
365 _aINR
_b6737.93
650 _aEnergy and Climate Change
_9724946
942 _cTB
_hU287 Q3
999 _c1224584
_d1224584